Jang bajang : (Record no. 594316)

000 -LEADER
fixed length control field 00807cam a22002897a 4500
001 - CONTROL NUMBER
control field 12819131
003 - CONTROL NUMBER IDENTIFIER
control field NUST
005 - DATE AND TIME OF LATEST TRANSACTION
control field 20230327100455.0
008 - FIXED-LENGTH DATA ELEMENTS--GENERAL INFORMATION
fixed length control field 010514s2001 pk 000 0 urd
010 ## - LIBRARY OF CONGRESS CONTROL NUMBER
LC control number 2001289406
020 ## - INTERNATIONAL STANDARD BOOK NUMBER
International Standard Book Number 9693512057
025 ## - OVERSEAS ACQUISITION NUMBER
Overseas acquisition number P-U-2001289406; 05; 06
035 ## - SYSTEM CONTROL NUMBER
System control number (DLC) 2001289406
040 ## - CATALOGING SOURCE
Original cataloging agency DLC
Transcribing agency DLC
Modifying agency DLC
042 ## - AUTHENTICATION CODE
Authentication code lcode
050 00 - LIBRARY OF CONGRESS CALL NUMBER
Classification number MLCMA 2001/00058 (P)
082 ## - DEWEY DECIMAL CLASSIFICATION NUMBER
Classification number 891.4392,ASH
100 0# - MAIN ENTRY--PERSONAL NAME
Personal name Ashfāq Aḥmad,
Dates associated with a name 1925-2004.
9 (RLIN) 639
245 10 - TITLE STATEMENT
Title Jang bajang :
Remainder of title Talqeen Shah /
Statement of responsibility, etc. Ashfaq Aḥmad.
260 ## - PUBLICATION, DISTRIBUTION, ETC.
Place of publication, distribution, etc. Lahore :
Name of publisher, distributor, etc. Sang-i Mīl Pablīkeshanz,
Date of publication, distribution, etc. 2001.
300 ## - PHYSICAL DESCRIPTION
Extent 302 p. ;
Dimensions 23 cm.
500 ## - GENERAL NOTE
General note Drama.
546 ## - LANGUAGE NOTE
Language note In Urdu.
906 ## - LOCAL DATA ELEMENT F, LDF (RLIN)
a 7
b cbc
c origode
d 3
e ncip
f 20
g y-gencatlg
942 ## - ADDED ENTRY ELEMENTS (KOHA)
Source of classification or shelving scheme
Koha item type Book
Call number prefix 891.4392,ASH
Holdings
Withdrawn status Lost status Source of classification or shelving scheme Damaged status Not for loan Permanent Location Current Location Shelving location Date acquired Total Checkouts Full call number Barcode Date last seen Price effective from Koha item type Public note
          Military College of Signals (MCS) Military College of Signals (MCS) General Stacks 03/27/2023   891.4392,ASH MCS37705 03/27/2023 03/27/2023 Book Almirha No 66, Shelf No 1
© 2023 Central Library, National University of Sciences and Technology. All Rights Reserved.